Pokémon - Les attaques de Rafflesia - Statistiques

Statistiques générales
  • Ce quiz a été pris 13 fois
  • Le résultat moyen est 13 sur 16
Statistiques - réponses
Niveaux Types Noms des attaques % Correct
Départ Plante Danse Fleurs
100%
Départ Poison Poudre Toxik
100%
Départ Plante Giga-Sangsue
88%
Départ Plante Méga-Sangsue
88%
Départ Plante Para-Spore
88%
Départ Plante Poudre Dodo
88%
Départ Fée Pouvoir Lunaire
88%
Départ Fée Rayon Lune
88%
Départ Plante Vol-Vie
88%
Départ Poison Acide
75%
Départ Plante Aromathérapie
75%
Départ Poison Toxik
75%
Départ Normal Croissance
63%
Départ Normal Doux Parfum
63%
Départ Évolution Plante Tempête Florale
50%
Départ Plante Champ Herbu
38%
Aucun quiz correspondant
Distribution des résultats
% des personnes avec chaque résultat
Percentile par nombre de réponses
Votre historique - résultats
Vous n’avez pas pris ce quiz